Datum a čas kvízu
24.5
Celkem bodů
Celkový počet nahraných bodů na tomto kvízu bez doplňovacích otázek.
9.
Pořadí na kvízu
Konečné umístění týmu na tomto kvízu.
Zaznamenané odpovědi
| # | Otázka | Odpověď | Body | Výsledky |
|---|---|---|---|---|
| 1. | V pondělí byl na hradě Špilber... | D) je nafukovací | 0 | |
| 2. | Minulý týden jsme se dozvěděli... | pilot si zapomněl cestovní pas | 1 | |
| 3. | Minulý týden byla odtajněna jm... | Červený trpaslík, Kocour | 0.5 | |
| 4. | Jedna evropská metropole pokra... | Paříž | 0 | |
| 5. | Letošní sezóna Formule 1 má za... | Red Bull | 1 | |
| 6. | Grónsko sice není zcela suveré... | .gl | 1 | |
| 7. | Pokud byste chtěli okusit jedn... | A | 1 | |
| 8. | Že je Grónsko největším ostrov... | C | 0 | |
| 9. | Které tvrzení o Grónsku je pra... | D | 0 | |
| 10. | Pod kterým písmenem je snímek... | D | 1 |